| 000 | 01684cam a2200349 ia4500 | ||
|---|---|---|---|
| 003 | SA-RiAUC | ||
| 005 | 20250423045915.0 | ||
| 008 | 250423s2007 su g f00010 ara c | ||
| 020 | _a9960-708-41-1 (مجموعة) | ||
| 020 | _a9960-708-42-X (جزء 1) | ||
| 024 | 0 | _a22000000003339 | |
| 040 |
_aSA-MaUQU _bara _cSA-RiAUC _erda |
||
| 082 | 0 | 4 |
_a214.3 _qSA-RiAUC |
| 090 |
_a214.3 _bع م ي |
||
| 100 | 1 |
_aالعميريني، علي بن عبد العزيز، _d1373 هجري- _eمؤلف. |
|
| 245 | 1 | 0 |
_aمفهوم الإرهاب في الفقة الإسلامي والقانون الوضعي = _bDefinition of the terroism at islam jurisprudence and the law / _cالأستاذ الدكتور علي بن عبد العزيز بن علي العميريني. |
| 246 | 3 | 1 | _aDefinition of the terroism at islam jurisprudence and the law |
| 250 | _aالطبعة الأولى. | ||
| 264 | 1 |
_aالرياض : _bمكتبة الملك عبد العزيز العامة، _c2007 |
|
| 300 |
_a602 صفحة ؛ _c24 سم. |
||
| 336 |
_aنص _btxt _2rdacontent _3كتاب |
||
| 337 |
_aبدون وسيط _bn _2rdamedia |
||
| 338 |
_aمجلد _bnc _2rdacarrier |
||
| 490 | 0 |
_aسلسلة الأعمال المحكمة ؛ _v99 |
|
| 500 | _aيتوافر بالمكتبة : الجزء 1. | ||
| 650 | 7 |
_aالإسلام والإرهاب _2aucsh |
|
| 650 | 7 |
_aالإرهاب _xقوانين وتشريعات _2aucsh |
|
| 856 |
_uhttps://Dsdelta.aruc.org/xmlui/bitstream/handle/123456789/236/13219.pdf _yDigital Copy |
||
| 856 |
_uhttps://Dsdelta.aruc.org/xmlui/bitstream/handle/123456789/237/13220.pdf _yDigital Copy |
||
| 942 |
_2ddc _cBOOK |
||
| 949 |
_aSA-JeALM _d250423 _ukhaled123 _n1 |
||
| 999 |
_c7317 _d7317 |
||